000 01240nam a2200337 a 4500
003 BLK
005 20250801110905.0
008 220609b bul|||||r ||||||| ||bul||
020 _a9789543576067
040 _aBLK
041 _aBUL
_cBUL
072 7 _2bullib
_aН83
_xЧужда художествена литература Н
080 _aШведска литература
_b821.113.6
_x-312.4
_z821.113.6-312.4
_9241417
084 _aД 30
100 _aДе ла Моте, Андерш
_9340326
245 1 0 _aКралят на планината
_bРоман
_cАндерш де ла Моте; прев. от швед. Ева Кънева.
257 _aBGR
260 _aСофия
_bЕМАС
_c2023
300 _a540 с.
_c20 см
380 _aX
490 _aКрими
_9201306
500 _aОриг. загл. : Bortbytaren / Anders de la Motte.
700 _aКънева, Ева Димитрова
_d1985-
_9379032
852 _aЦб 326223
856 4 _qpdf
_i0.00
_ldisable
856 4 _qpdf
_i0.00
_ldisable
942 _cKNG
_n0
_097
_s1
944 _k30542
_cТеодора Пейчева-Дянкова
_lРусанова Ирена
999 _c498732
_d498732
999 _d498732